02863pam a2200325 i 450000100190000000500170001900800410003601000150007702000260009202000290011803500340014703500200018103500390020104000690024004100120030904200080032105000220032910000230035124500460037424600310042025000200045126000530047130000260052449000250055050400510057550505820062652012860120865000210249483000220251599110606373150619620260310164623.0160114s2016 nyu b 001 0 eng  a2015051152 a0826129528qpaperback a9780826129529qpaperback a(UTL)10410267-01utoronto_inst a(SIRSI)10410267 a(OCoLC)934937885z(OCoLC)926743488 aDLCbengcDLCdOCLCOdOCLCFdYDXCPdBTCTAdOCLCQdNhCcYBPdCaOTU aEnglish apcc00aBF408b.K364 2016 aKaufman, James C..10aCreativity 101 c/ James C. Kaufman, PhD.3 aCreativity one hundred one aSecond edition. aNew York :bSpringer Publishing Company,c[2016] axvi, 349 p. ;c21 cm.1 aThe Psych 101 series aIncludes bibliographical references and index. aPart I: The Basics — What Is Creativity? — Theories of Creativity — The Structure of Creativity — Measures of Creativity — Part II: The Creative Individual — Creativity and Personality — Creativity and Motivation — Creativity and Intelligence — Creativity and Mental Health — Part III: The Big Picture — Creativity and Admissions, Hiring, and Fairness — Creative Environments: Life, Classrooms, Workplaces, and the World — Creative Perceptions (of Self and Others) — Is Creativity a Good Thing or a Bad Thing? — Epilogue: The Future of Creativity. aWhat makes us creative? How can organizations, schools, or parents inspire people to be more creative? How do we even start to define the topic in thefirst place? Now in its second edition, this bestselling introductory text‚Äîwritten by one of the world‚Äôs leading experts on the psychology of creativity‚Äîiscompletely updated and expanded to reflect the tremendous growth in this field. In a restructured, reader-friendly format, the text surveys the latesttheories and research to provide key information about what we know (and don‚Äôt know) about creativity. It addresses how creativity operates both onindividual and on social/environmental levels, how it is defined and measured, and several hot debates in the field, such as creativity‚Äôs uncertainrelationship to mental illness. Grounded in psychological research from clinical, industrial, social, cognitive, evolutionary, and developmentalperspectives, this text also draws on classic and current findings from neuroscience, business, education, engineering, and biology. This much-praised book is an ideal brief and affordable text for courses on creativity in psychology, education, business, and other fields, as well ascross-disciplinary seminars and programs in creativity studies. 0aCreative ability 0aPsych 101 series.